000 00816nam a2200181 a 4500
001 000045580
005 20201002052327.0
008 150415s1989 dr 000 0 spa d
040 _aDO-SdBNP
_bspa
_cBNPHU
100 1 _aGautreau Saldaña, Anadina
_973646
245 1 0 _aValores de referencia :
_bguía /
_cAnadina Gautreau Saldaña,Ramona Salas Agüero ; colaboradores Griselda Andújar de Báez...[et.al].
260 _aSanto Domingo :
_bEditora universitaria,
_c1989.
300 _a56 p. ;
_c22 cm.
490 1 _aPublicaciones de la Universidad Autónomas de Santo Domingo
_aNormatización y salud
_v614/no.4
700 1 2 _aAgüero, Salas
_973647
700 1 2 _aAndújar de Báez, Griselda
_ecolab.
_931609
830 0 _aPublicaciones de la Universidad Autónomas de Santo Domingo
_pNormatización y salud
_v614/no.4
_973648
999 _c45069
_d45069